|
|
|
|
| LEADER |
01352nam a22002897a 4500 |
| 001 |
34829 |
| 003 |
BD-DhAAL |
| 005 |
20250807145529.0 |
| 008 |
190722r20181994bg ||||| |||| 00| 1 ben d |
| 020 |
|
|
|a 9844580862
|
| 040 |
|
|
|a BD-DhAAL
|d BD-DhAAL
|
| 041 |
|
|
|a ben
|
| 082 |
|
|
|a 891.44371
|2 23
|
| 100 |
|
|
|a আহমেদ, হুমায়ূন.
|9 32988
|
| 245 |
|
|
|a শ্রাবণমেঘের দিন /
|c হুমায়ূন আহমেদ.
|
| 246 |
|
|
|a Shrabonmegher din
|
| 260 |
|
|
|a ঢাকা :
|b সময়,
|c ১৯৯৪ [চর্তুদশ মুদ্রণ ২০১৮].
|
| 300 |
|
|
|a ১৯৯ পৃষ্ঠা ;
|c ২২ সে.মি.
|
| 500 |
|
|
|a Novel
|
| 526 |
|
|
|a Residential Campus
|
| 541 |
|
|
|a Development Book Agency
|e 34829
|
| 650 |
|
|
|a Bengali fiction
|z Bangladesh.
|9 32989
|
| 852 |
|
|
|a Savar Campus Library
|c General Stacks
|
| 942 |
|
|
|2 ddc
|c BK
|
| 999 |
|
|
|c 40914
|d 40914
|
| 952 |
|
|
|0 0
|1 0
|2 ddc
|4 0
|6 891_443710000000000_AHM
|7 0
|9 65676
|a SCL
|b SCL
|c GEN
|d 2019-07-17
|e Development Book Agency
|g 220.00
|l 24
|m 22
|o 891.44371 AHM
|p 3020034829
|r 2026-04-29
|s 2026-04-25
|t 1
|v 220.00
|w 2019-07-17
|y BK
|
| 952 |
|
|
|0 0
|1 0
|2 ddc
|4 0
|6 891_443710000000000_AHM
|7 0
|9 65843
|a BRACUL
|b BRACUL
|c GEN
|d 2019-07-24
|e Development Book Agency
|g 220.00
|l 29
|m 105
|o 891.44371 AHM
|p 3010034993
|q 2026-06-02
|r 2026-02-03
|s 2026-02-03
|t 2
|v 220.00
|w 2019-07-24
|y BK
|